Najpopularniejsze supermarkety w Polsce - Statystyki

Ogólne statystyki
  • Ten quiz został rozwiązany 84 razy
  • Średni wynik to 6 z 11
Statystyki odpowiedzi
Liczba sklepów Supermarket % Poprawnych
3500+ Biedronka
99%
800+ Lidl
97%
253 Kaufland
77%
1406 Dino
71%
322 Aldi
66%
662 Netto
64%
1000+ Stokrotka
56%
199 Intermarché
38%
283 Polomarket
26%
338 SPAR
14%
302 Chata Polska
5%
Nie znaleziono quizów pasujących do podanych kryteriów
Rozkład punktacji
Procent ludzi z każdym wynikiem
Percentyl według liczby udzielonych odpowiedzi
Twoja historia wyników
Nie rozwiązałeś tego quizu